Сравнительный анализ диэлектрических свойств наноразмерных порошков алюминия, железа и углерода в микроволновом диапазоне; Известия вузов. Физика; Т. 55, № 6/2 (приложение)
| Parent link: | Известия вузов. Физика=Russian Physics Journal.— , 1958-2017, 2020- Т. 55, № 6/2 (приложение).— 2012.— [С. 225-230] |
|---|---|
| Autor Corporativo: | |
| Outros Autores: | , , , , |
| Resumo: | Заглавие с экрана Проведен сравнительный анализ зависимостей диэлектрических параметров сухих и увлажненных наночастиц алюминия, железа, углерода от частоты сигнала в микроволновом диапазоне. Показано, что диэлектрические характеристики различных наночастиц различаются. Режим доступа: по договору с организацией-держателем ресурса |
| Idioma: | russo |
| Publicado em: |
2012
|
| Assuntos: | |
| Acesso em linha: | https://www.elibrary.ru/item.asp?id=18441460 |
| Formato: | MixedMaterials Recurso Eletrônico Capítulo de Livro |
| KOHA link: | https://koha.lib.tpu.ru/cgi-bin/koha/opac-detail.pl?biblionumber=668906 |
MARC
| LEADER | 00000nla2a2200000 4500 | ||
|---|---|---|---|
| 001 | 668906 | ||
| 005 | 20240205111224.0 | ||
| 035 | |a (RuTPU)RU\TPU\network\40143 | ||
| 035 | |a RU\TPU\network\40142 | ||
| 090 | |a 668906 | ||
| 100 | |a 20230202a2015 k y0rusy50 ca | ||
| 101 | 0 | |a rus | |
| 102 | |a RU | ||
| 135 | |a drnn ---uucaa | ||
| 181 | 0 | |a i | |
| 182 | 0 | |a b | |
| 200 | 1 | |a Сравнительный анализ диэлектрических свойств наноразмерных порошков алюминия, железа и углерода в микроволновом диапазоне |f А. Н. Романов, Н. А. Романова, Н. А. Яворовский [и др.] | |
| 203 | |a Текст |c электронный | ||
| 300 | |a Заглавие с экрана | ||
| 320 | |a [Библиогр.: 24 назв.] | ||
| 330 | |a Проведен сравнительный анализ зависимостей диэлектрических параметров сухих и увлажненных наночастиц алюминия, железа, углерода от частоты сигнала в микроволновом диапазоне. Показано, что диэлектрические характеристики различных наночастиц различаются. | ||
| 333 | |a Режим доступа: по договору с организацией-держателем ресурса | ||
| 461 | 0 | |0 (RuTPU)RU\TPU\prd\191 |t Известия вузов. Физика |l Russian Physics Journal |d 1958-2017, 2020- | |
| 463 | 0 | |0 (RuTPU)RU\TPU\prd\207291 |t Т. 55, № 6/2 (приложение) |v [С. 225-230] |d 2012 | |
| 610 | 1 | |a электронный ресурс | |
| 610 | 1 | |a труды учёных ТПУ | |
| 610 | 1 | |a диэлектрические свойства | |
| 610 | 1 | |a нанопорошки | |
| 610 | 1 | |a алюминий | |
| 610 | 1 | |a железо | |
| 610 | 1 | |a углерод | |
| 701 | 1 | |a Романов |b А. Н. |g Андрей Николаевич | |
| 701 | 1 | |a Романова |b Н. А. |g Надежда Александровна | |
| 701 | 1 | |a Яворовский |b Н. А. |c физик |c заведующий лабораторией Томского политехнического университета, кандидат технических наук |f 1941- |g Николай Александрович |3 (RuTPU)RU\TPU\pers\25600 | |
| 701 | 1 | |a Журавков |b С. П. |c химик |c ведущий научный сотрудник, доцент Томского политехнического университета, кандидат химических наук |f 1961- |g Сергей Петрович |3 (RuTPU)RU\TPU\pers\28225 |9 13178 | |
| 701 | 1 | |a Пустовалов |b А. В. |c специалист в области электротехники |c младший научный сотрудник Томского политехнического университета |f 1986- |g Алексей Витальевич |3 (RuTPU)RU\TPU\pers\30166 |9 14564 | |
| 712 | 0 | 2 | |a Национальный исследовательский Томский политехнический университет (ТПУ) |b Институт физики высоких технологий (ИФВТ) |b Лаборатория № 12 |3 (RuTPU)RU\TPU\col\19054 |
| 801 | 2 | |a RU |b 63413507 |c 20230202 |g RCR | |
| 856 | 4 | |u https://www.elibrary.ru/item.asp?id=18441460 | |
| 942 | |c CF | ||